000 00939nam a22002897a 4500
001 BR2016004021
003 BR-BrBNA
005 20230928104958.0
007 ta
008 230509b bl.||||| |||| 00| 0 por d
040 _aBR-BrBNA
_bpor
_cBiblioteca Nacional de Agricultura
041 _a(Por)
072 _aQ03
_b8966
090 _ 8966 BR2016004021
100 1 _aVale, L.A. do
110 1 _aUniversidade Federal de Lavras, MG (Brasil)
_0Tese (Mestre em Ciência dos Alimentos)
245 1 _aAção de óleos essenciais sobre biofilme formado por Cronobacter sakazakii em superfície de polipropileno
260 3 _aLavras, MG (Brasil):
_c2015.
300 _a73 p.
500 _aSummaries (Eng, Por); Includes several bibliographies; 4 illus.; 8 tables
650 _aBACTÉRIA PATOGÊNICA
650 _aCÉLULA
650 _aÓLEO ESSENCIAL
650 _aBIOFILME
909 _a202309
_bLucia
_c55
_dLucia Elande
942 _cBK
999 _c82752
_d82752